[Event "OP-2010-0-01257"]
[Site "LSS email"]
[Date "2010.09.09"]
[Round "?"]
[White "Parlow, Ruediger"]
[Black "Kovacs, Arthur"]
[Result "0-1"]
[WhiteElo "651"]
[BlackElo "2360"]
[PlyCount "22"]
[EventDate "2010.09.04"]
[EventType "tourn (corr)"]
[EventRounds "4"]
[EventCountry "GER"]
[SourceTitle "Corr 2015"]
[Source "ChessBase"]
[SourceDate "2015.07.17"]
[SourceVersion "1"]
[SourceVersionDate "2015.07.17"]
[SourceQuality "1"]

1. d4 Nf6 2. Nf3 e6 3. e3 b6 4. Nc3 Bb7 5. d5 Nxd5 6. Ne4 Nxe3 7. fxe3 Bxe4 8. Nd2 Bb7 9. Nc4 Be7 10. Bd3 Bh4+ 11. g3 Bxh1 0-1

[Event "ZN-2010-0-01118"]
[Site "LSS email"]
[Date "2010.08.06"]
[Round "?"]
[White "Zimmermann, Jan Erik"]
[Black "Parlow, Ruediger"]
[Result "1-0"]
[WhiteElo "959"]
[BlackElo "651"]
[PlyCount "21"]
[EventDate "2010.08.03"]
[EventType "match (corr)"]
[EventRounds "2"]
[EventCountry "GER"]
[SourceTitle "Corr 2015"]
[Source "ChessBase"]
[SourceDate "2015.07.17"]
[SourceVersion "1"]
[SourceVersionDate "2015.07.17"]
[SourceQuality "1"]

1. e4 e5 2. Bc4 c6 3. Qh5 g6 4. Qxe5+ Be7 5. Qxh8 d5 6. Qxg8+ Bf8 7. exd5 Qe7+ 8. Ne2 Nd7 9. dxc6 bxc6 10. d3 Nb6 11. Bb3 1-0

[Event "ZN-2010-0-01113"]
[Site "LSS email"]
[Date "2010.08.04"]
[Round "?"]
[White "Parlow, Ruediger"]
[Black "Galvein, Prospero"]
[Result "0-1"]
[WhiteElo "651"]
[BlackElo "399"]
[PlyCount "34"]
[EventDate "2010.07.29"]
[EventType "match (corr)"]
[EventRounds "2"]
[EventCountry "GER"]
[SourceTitle "Corr 2015"]
[Source "ChessBase"]
[SourceDate "2015.07.17"]
[SourceVersion "1"]
[SourceVersionDate "2015.07.17"]
[SourceQuality "1"]

1. d4 e6 2. e3 Nf6 3. Nf3 Nc6 4. c3 d5 5. Ng5 Qd7 6. g3 Be7 7. Be2 e5 8. dxe5 Nxe5 9. 0-0 Ne4 10. Qd4 Bf6 11. Bb5 Qxb5 12. c4 Qd7 13. f3 Nxg5 14. f4 Nef3+ 15. Kg2 Nxd4 16. exd4 Qh3+ 17. Kf2 Bxd4+ 0-1

[Event "ZN-2010-0-01106"]
[Site "LSS email"]
[Date "2010.07.26"]
[Round "?"]
[White "Parlow, Ruediger"]
[Black "Baznik Wilson, Anthony J"]
[Result "0-1"]
[WhiteElo "651"]
[BlackElo "1087"]
[PlyCount "34"]
[EventDate "2010.07.17"]
[EventType "match (corr)"]
[EventRounds "2"]
[EventCountry "GER"]
[SourceTitle "Corr 2015"]
[Source "ChessBase"]
[SourceDate "2015.07.17"]
[SourceVersion "1"]
[SourceVersionDate "2015.07.17"]
[SourceQuality "1"]

1. d4 e5 2. e3 e4 3. Nc3 d5 4. Nge2 Nf6 5. Nf4 c6 6. Be2 Bd6 7. 0-0 Qc7 8. Na4 g5 9. Nh3 Bxh3 10. gxh3 Bxh2+ 11. Kg2 Nbd7 12. Rh1 Bd6 13. f3 Bg3 14. fxe4 Nxe4 15. Rf1 Bf2 16. c4 Qg3+ 17. Kh1 Qxh3# 0-1

[Event "OP-2010-0-01213"]
[Site "LSS email"]
[Date "2010.07.23"]
[Round "?"]
[White "Leon, Fernando"]
[Black "Parlow, Ruediger"]
[Result "1-0"]
[WhiteElo "1270"]
[BlackElo "666"]
[PlyCount "49"]
[EventDate "2010.07.18"]
[EventType "tourn (corr)"]
[EventRounds "4"]
[EventCountry "GER"]
[SourceTitle "Telechess CBM 143"]
[Source "ChessBase"]
[SourceDate "2011.07.15"]
[SourceVersion "1"]
[SourceVersionDate "2011.07.15"]
[SourceQuality "1"]

1. e4 e5 2. f4 exf4 3. Nf3 Qe7 4. d3 d5 5. Bxf4 dxe4 6. dxe4 Qxe4+ 7. Qe2 Bb4+ 8. c3 Qe6 9. cxb4 Ne7 10. Qxe6 fxe6 11. Bxc7 Na6 12. Bd6 0-0 13. Bxe7 Re8 14. Bc5 b6 15. Bxa6 Bxa6 16. Bd4 Rac8 17. Nc3 e5 18. Be3 Rcd8 19. b5 Bc8 20. 0-0 Rd3 21. Bg5 e4 22. Rae1 Rf8 23. Nxe4 h6 24. Bc1 Be6 25. b3 1-0

[Event "OP-2010-0-01213"]
[Site "LSS email"]
[Date "2010.07.23"]
[Round "?"]
[White "Parlow, Ruediger"]
[Black "McDonald, Graham R"]
[Result "0-1"]
[WhiteElo "658"]
[BlackElo "1870"]
[PlyCount "40"]
[EventDate "2010.07.18"]
[EventType "tourn (corr)"]
[EventRounds "4"]
[EventCountry "GER"]
[SourceTitle "Telechess CBM 143"]
[Source "ChessBase"]
[SourceDate "2011.07.15"]
[SourceVersion "1"]
[SourceVersionDate "2011.07.15"]
[SourceQuality "1"]

1. e4 e5 2. d3 Nc6 3. Nc3 Bc5 4. Nf3 Nge7 5. Bg5 0-0 6. Be2 d6 7. 0-0 h6 8. Bh4 a6 9. a3 g5 10. Bg3 f5 11. exf5 Nxf5 12. d4 Ncxd4 13. Nxd4 Bxd4 14. Bg4 Nxg3 15. hxg3 Bxg4 16. Ne4 Bxd1 17. Rfxd1 d5 18. Nd2 Rxf2 19. Kh2 Qe8 20. Rf1 Qh5+ 0-1

[Event "OP-2010-0-01209"]
[Site "LSS email"]
[Date "2010.07.19"]
[Round "?"]
[White "Wisham, Clyde"]
[Black "Parlow, Ruediger"]
[Result "1-0"]
[WhiteElo "1876"]
[BlackElo "651"]
[PlyCount "21"]
[EventDate "2010.07.12"]
[EventType "tourn (corr)"]
[EventRounds "4"]
[EventCountry "GER"]
[SourceTitle "Corr 2015"]
[Source "ChessBase"]
[SourceDate "2015.07.17"]
[SourceVersion "1"]
[SourceVersionDate "2015.07.17"]
[SourceQuality "1"]

1. d4 f5 2. Bf4 Nf6 3. e3 Nc6 4. Nc3 e6 5. d5 exd5 6. Nxd5 d6 7. Nf3 Nxd5 8. Qxd5 Bd7 9. Bc4 Qf6 10. Bg5 Qxb2 11. Qf7# 1-0